000 00295nam a22001217a 4500
003 SGT
082 _a370
_bSAC
100 _aसचदेवा, डॉ. म. स.
245 _aअधिगम एवं शिक्षण
260 _aPUNJAB
_bT.C.P.
_c2016
300 _a356
942 _2ddc
_cBK
999 _c17165
_d17165